000
00337nam a22001457a 4500
008
210602b ||||| |||| 00| 0 eng d
020
_a
9781853832000
041
_a
eng
080
_a
338
082
_a
338
100
_a
53
101
_a
MEN
245
_a
Interpreting the Precautionary Principle
_c
Timothy O'Riordan
942
_2
udc
_c
BK
999
_c
57889
_d
57889